000 01242nam a22002657a 4500
001 25515
005 20260428102951.0
008 260428b |||||||| |||| 00| 0 spa d
020 _a9786125035578
041 _aESP
082 _a720.98541
_bZ55 V. 1
100 _aZeballos Velarde, Carlos Renzo,
_eAUT
245 _aArequipa moderna y contemporánea I :
_b1868-1940, una historia urbano arquitectónica
250 _aPrimera edición
260 _aArequipa :
_bUniversidad Nacional de San Agustín,
_c2022
300 _a296 páginas :
_bfiguras, ilustraciones, cuadros ;
_c27 cm.
440 _a ;
650 _aABD
653 _aArquitectura - Perú (Arequipa); Arquitectura moderna - Siglos XIX-XX; Urbanismo - Perú - Arequipa - Historia; Diseño arquitectónico - Perú - Arequipa - Historia; Arequipa (Perú : Departamento) - Monumentos históricos; Arequipa (Perú : Departamento) - Historia
654 _aCHU
700 _a;
856 _uhttps://itmsp.museknowledge.com/UCSP?groupID=2
_zVéase además: Biblioteca digital
856 _uhttps://itmsp.museknowledge.com/UCSP?groupID=2&action=source&sourceID=ArchitectureOpenLibrary
_zVéase además: Base de datos Architecture Open Library
942 _cLIB
_dJUS
_fTRC
_n0
_2ddc
999 _c25515
_d25515